| 000 | 00642nam a22002177a 4500 | ||
|---|---|---|---|
| 999 |
_c13481 _d13481 |
||
| 003 | AR-CdUCM | ||
| 008 | 190415b ||||| |||| 00| 0 spa d | ||
| 040 |
_aMUNICIPALIDAD PROVINCIAL DEL CUSCO _cBIBLIOTECA MUNICIPAL DEL CUSCO |
||
| 082 |
_aES / 373.803 / _bP21 |
||
| 100 |
_aPalomino Gonzales, Niel _94533 |
||
| 245 | _aCantar del Wakachuta / | ||
| 260 |
_aLima : _bLluvia editores, _c2010. |
||
| 300 |
_a118 paginas ; _bilustraciones, _c21 cm. |
||
| 500 | _aHistorias | ||
| 650 |
_aHistorias _92725 |
||
| 650 |
_aCuentos _9217 |
||
| 650 |
_aLiteratura _983 |
||
| 650 |
_aSiglo XX _98 |
||
| 942 |
_2ddc _cLIBROS |
||
| 945 |
_apjha _d2019-04-15 |
||